9-метилкарбазол; Методы получения химических реактивов и препаратов; Вып. 11

Dades bibliogràfiques
Parent link:Методы получения химических реактивов и препаратов
Вып. 11.— 1964.— С. 69-72
Autor principal: Лопатинский В. П.
Altres autors: Сироткина Е. Е., Сухорослова М. М.
Idioma:rus
Publicat: 1964
Matèries:
Format: MixedMaterials Capítol de llibre
KOHA link:https://koha.lib.tpu.ru/cgi-bin/koha/opac-detail.pl?biblionumber=591354

MARC

LEADER 00000naa0a2200000 4500
001 591354
005 20250825155524.0
035 |a (RuTPU)RU\TPU\tpu\1559 
035 |a TPU00001559 
090 |a 591354 
100 |a 20011210d1964 k||y0rusy50 ca 
101 0 |a rus 
102 |a RU 
200 1 |a 9-метилкарбазол  |f В. П. Лопатинский, Е. Е. Сироткина, М. М. Сухорослова 
320 |a Библиогр.: 7 назв. 
461 1 |t Методы получения химических реактивов и препаратов 
463 1 |t Вып. 11  |v С. 69-72  |d 1964 
610 1 |a химические науки 
610 1 |a труды учёных ТПУ 
700 1 |a Лопатинский  |b В. П. 
701 1 |a Сироткина  |b Е. Е. 
701 1 |a Сухорослова  |b М. М. 
801 0 |a RU  |b 63413507  |c 20011210  |g PSBO 
801 2 |a RU  |b 63413507  |c 20100408  |g PSBO 
942 |c CR